000 00526nam a2200205Ia 4500
003 OSt
005 20250203150221.0
008 210210b1981 xxu||||| |||| 00| 0 eng d
040 _cAL
041 _aKannada
082 _aK894.9 NAYS
100 _aNAYAKA (Ha Ma), Ed.
_9132912
_dನಾಯಕ(ಹಾ ಮಾ)
245 _aSmarana.
_bಸ್ಮರಣ
260 _aMaisuru
_bMitra Prakashana
_c1981
300 _a132
650 _aMasti
_9132913
690 _aKannada Criticism
_9132914
906 _a035710
942 _2ddc
_cBK
999 _c86488
_d86488